000 00350nam a2200121Ia 4500
005 20251222144921.0
008 251222s9999||||xx |||||||||||||| ||spa||
082 _a330.985/S55
100 _aSilva Ruete, Javier
245 0 _aYo Asumí el Activo y el Pasivo de la Revolución
264 _bCentro de Documentación e Información Andina
942 _cLIB
999 _c22724
_d22724